| 000 | 00786cam a22002772 4500 | ||
|---|---|---|---|
| 001 | 76842 | ||
| 003 | BD-RjUL | ||
| 005 | 20211209082909.0 | ||
| 008 | 200126s1952 nyua 000 0 eng u | ||
| 035 | _aOCLC ocm00519630 from D970827M | ||
| 040 |
_cCNC _dOCL _dUKM _dEQO _aBD-RjUL _beng |
||
| 041 | _aeng | ||
| 082 | 0 | 4 |
_a669 _223 _bFRE 1952 |
| 090 |
_aTN665 _b.F7 1952 |
||
| 100 | 1 |
_aFrier, W. T. _q(William T.) _9238377 |
|
| 245 | 1 | 0 |
_aElementary metallurgy / _cW.T.Frier |
| 250 | _a2d ed. | ||
| 260 |
_aNew York : _bMcGraw-Hill, _c1952. |
||
| 300 |
_a258 p. : _billus. ; _c21 cm. |
||
| 650 | 0 |
_aMetallurgy. _9238378 |
|
| 650 | 0 |
_aMetallography. _9238379 |
|
| 942 |
_2ddc _cBK |
||
| 999 |
_c76842 _d76842 |
||